IFM Opac

Marketing: (Record no. 22186)

MARC details
000 -LEADER
fixed length control field 00384nam a22001577a 4500
020 ## - INTERNATIONAL STANDARD BOOK NUMBER
ISBN 978-1-292-43438-4
082 ## - DEWEY DECIMAL CLASSIFICATION NUMBER
Classification number 558.8
100 ## - MAIN ENTRY--AUTHOR NAME
Personal name Solomon, Michael R.
245 ## - TITLE STATEMENT
Title Marketing:
Sub Title Real People, Real Choices
250 ## - EDITION STATEMENT
Edition statement 11th
260 ## - PUBLICATION, DISTRIBUTION, ETC. (IMPRINT)
Place of publication Harlow:
Name of publisher Pearson,
Year of publication 2023
300 ## - PHYSICAL DESCRIPTION
Number of Pages 650p.: ill.; 28cm
700 ## - ADDED ENTRY--PERSONAL NAME
Personal name Marshall, Greg W.
700 ## - ADDED ENTRY--PERSONAL NAME
Personal name Stuart, Elnora W.
942 ## - ADDED ENTRY ELEMENTS (KOHA)
Koha item type Books
Holdings
Withdrawn status Lost status Damaged status Not for loan Collection code Permanent Location Current Location Shelving location Date acquired Source of acquisition Full call number Accession Number Price effective from Koha item type
        Non-fiction IFM Main Campus Library IFM Main Campus Library Work Room processing 01/20/2026 Purchased 658.8 SOL 0000030298 01/20/2026 Books
        Non-fiction IFM Main Campus Library IFM Main Campus Library Work Room processing 01/20/2026 Purchased 658.8 SOL 0000030297 01/20/2026 Books
        Non-fiction IFM Main Campus Library IFM Main Campus Library Work Room processing 01/20/2026 Purchased 658.8 SOL 0000030299 01/20/2026 Books